000 00757nam a2200241Ia 4500
003 OSt
005 20220927105033.0
006 a|||||r|||| 00| 0
007 ta
008 220926b |||||||| |||| 00| 0 eng d
024 _a184750
037 _cReference Collections
040 _aRTL
_cRTL
_beng
041 _2eng
_aeng
082 _a"X9(D525).2.N57r, J7"
110 _aSASSOON SPINNING & WEAVING COMPANY LIMITED
_9369806
245 0 _a"Annual report and accounct,1957."
260 _aBombay
_bSassoon Spinning & Weaving Co. Ltd
_c1957
300 _a67p.
_ccm.
700 _aSASSOON SPINNING & WEAVING COMPANY LIMITED
_9369807
942 _h"X9(D525).2.N57r, J7"
_cCC
999 _c690419
_d690419